|
|
|
|
| LEADER |
01223nam a2200301 a 4500 |
| 001 |
36033 |
| 003 |
BD-DhAAL |
| 005 |
20211206122408.0 |
| 008 |
200302t1992 dcu b 000 0 eng d |
| 999 |
|
|
|c 42284
|d 42284
|
| 010 |
|
|
|a 92010059
|
| 020 |
|
|
|a 0810630125
|
| 040 |
|
|
|a DLC
|c DLC
|d DLC
|d OCoLC
|d DLC
|
| 043 |
|
|
|a n-us---
|
| 050 |
0 |
0 |
|a LC1009.3
|b .M83 1992
|
| 082 |
0 |
0 |
|a 370.19341
|2 20
|
| 245 |
0 |
0 |
|a Multicultural education for the 21st century /
|c edited by Carlos Díaz.
|
| 260 |
|
|
|a Washington, D.C. :
|b NEA Professional Library, National Education Association,
|c c1992.
|
| 300 |
|
|
|a 223 pages ;
|c 23 cm.
|
| 440 |
|
0 |
|a NEA school restructuring series
|9 39703
|
| 504 |
|
|
|a Includes bibliographical references (pages 215-218).
|
| 526 |
|
|
|a BIED
|
| 541 |
|
|
|a Complimentary copy from BIED
|e 36033
|
| 650 |
|
0 |
|a Multicultural education
|z United States.
|9 39704
|
| 700 |
1 |
|
|a Diaz, Carlos F.
|q (Carlos Francisco),
|d 1950-
|9 39705
|
| 852 |
|
|
|a Ayesha Abed Library
|c BIED Collection
|
| 942 |
|
|
|2 ddc
|c BK
|
| 952 |
|
|
|0 0
|1 0
|2 ddc
|4 0
|6 370_193410000000000_MUL
|7 0
|9 68076
|a BRACUL
|b BRACUL
|c GEN
|d 2020-03-02
|e Complimentary copy from BIED
|l 0
|o 370.19341 MUL
|p 3010036033
|r 2020-03-02
|t 1
|w 2020-03-02
|y BK
|x Transferred from BIED to General Stacks
|